Tourism: Best performing cities? - Statistics

General Stats
  • This quiz has been taken 57 times
  • The average score is 10 of 20
Answer Stats
Performance City % Correct
US$28bn Paris
98%
US$24.8bn New York
92%
US$21.7bn Tokyo
75%
US$32.5bn Beijing
71%
2. most jobs Beijing
71%
US$21.3bn Bangkok
69%
5. most jobs Bangkok
69%
7. most jobs Delhi
65%
US$35bn Shanghai
58%
4. most jobs Shanghai
58%
8. most jobs Mumbai
54%
US$19.7bn Mexico City
40%
3. most jobs Mexico City
40%
US$19.5bn Las Vegas
35%
1. most jobs Jakarta
33%
US$24.8bn Orlando
23%
9. most jobs Ho Chi Minh City
21%
US$19bn Shenzhen
17%
10. most jobs Shenzhen
17%
6. most jobs Chongqing
6%
No matching quizzes found
Score Distribution
Percent of People with Each Score
Percentile by Number Answered
Your Score History
You have not taken this quiz